000 00608nam a2200193Ia 4500
001 6714
003 OSt
005 20150701102205.0
008 140320s9999 xx 000 0 und d
020 _a969-35-0773-8
040 _cPK-LaUMT
082 _a 891.4393
_bRAZ-D
100 _aRazia Butt(رضیہ بٹ)
245 _aDil aur pather(دل اور پتھر)
_cRazia Butt(رضیہ بٹ)
260 _aLahore,Pakistan:(لاہور، پاکستان )
_bShafiq Publications, Shafiq Book Center,(شفیق پبلیکیشنز، شفیق بک سنڑ)
_c1998.
300 _a696 p.
546 _aEN
942 _cBK
_2ddc
999 _c8255
_d8255